000 01027nam a22002537a 4500
999 _c1841
_d1841
003 AR-CdUCM
008 190228b ||||| |||| 00| 0 spa d
040 _aMUNICIPALIDAD PROVINCIAL DEL CUSCO
_cBIBLIOTECA MUNICIPAL DEL CUSCO
041 _heng
082 _a303.483 /
_bG47
100 _aGinzberg, Eli
_96747
245 _aTecnología y cambio Social /
260 _aMéxico D. F. :
_bUTEHA,
_c1965.
300 _aXIII, 190 páginas ;
_bfotografías, tablas,
_c17 cm.
440 _aManuales UTEHA
_n325/325a
_nsección 14 Ciencias Sociales.
_96748
500 _amiembros del seminario, -1962-1963
505 _aContenido: Perspectivas sobre la tecnología -- La sociedad postindustrial -- La industria espacial -- El dinamismo de la ciencia y la tecnología -- Productividad y desarrollo económico -- Confrontaciones y orientaciones.
650 _aTecnología
_91571
650 _aIndustria
_94386
650 _aEconomía
_9382
700 _aEsteve, Martín (traducción)
_96749
942 _2ddc
_cLIBROS
945 _aachl